| 000 | 00813nam a2200229 a 4500 | ||
|---|---|---|---|
| 001 | 000001835 | ||
| 005 | 20200929145725.0 | ||
| 008 | 090629s2005 es 001 0 spa d | ||
| 020 | _a8447336336 | ||
| 040 | _aDO-SdBNP | ||
| 100 | 1 |
_aJackson, Grabriel _95979 |
|
| 245 | 1 | 3 |
_aLa república española y la guerra civil / _cGrabriel Jackson; traducción Enrique Obregón. |
| 260 |
_aMadrid : _bArte Gráficas, _c2005. |
||
| 300 |
_a494 p. : _bil., mapas ; _c25 cm. |
||
| 440 | 0 |
_aBiblioteca Historia de España _95980 |
|
| 504 | _aIncluye bibliografía (p. 467-482) | ||
| 534 |
_aEnrique Obregón _bThe Spanish Republic and the Civil War _ntraducido al español |
||
| 500 | _aIncluye notas al pie de las paginas | ||
| 500 | _aIncluye índice | ||
| 700 | 1 |
_aObregón, Enrique _etraducción _95981 |
|
| 049 | _aBNPHD | ||
| 999 |
_c1712 _d1712 |
||